Responses for show #2648 - Wednesday, February 21, 1996

1996 College Championship semifinal game 3.

Contestants

[<< previous game]

Brian Gondos, a sophomore from the University of Pennsylvania

Vandana Madhavan, a sophomore from Harvard University

Bill Lee, a sophomore from the University of Washington

[next game >>]

Jeopardy! Round responses

THE PLANETS
CELEBRITY ALUMNI
TRAVEL U.S.A.
PASTIMES
ANCIENT ROME
COMMON BONDS
    $100 6
the Earth

Bill
    $100 30
Jay Leno

Bill
    $100 11
Las Vegas

Brian
    $100 21
Scrabble

Bill
    $100 16
Nero

Bill
    $100 1
a party

Brian
    $200 7
Mars

Bill
    $200 29
Melrose Place

Bill
    $200 12
Disney World

Bill
    $200 22
weaving

Bill
    $200 17
Christianity

Brian
    $200 2
Trails

Brian
    $300 8
Pluto

Bill
    $300 26
Wings

Bill
    $300 13
Knott's Berry Farm

Brian
    $300 23
bungee jumping

Bill
    $300 18
catacombs

Brian
    $300 3
a sandwich

Brian
    $400 9
Venus

Vandana
    $400 27
William and Mary

Vandana
    $400 14
Connecticut

Brian
    $400 24
inline skating

Bill
    $400 19
the Ides of March

Bill
    $400 4
things you read

Bill
    $500 10
Jupiter

Vandana
    $500 28
Tom Brokaw

Brian
    $500 15
Texas

Vandana
    $500 25
origami

Bill
    $500 20
(Bill: Who is Hestia?)

Vesta

BillVandana
    $500 5
(Brian: What are canals?)

parts of the teeth

BillBrian

Scores at the first commercial break (after clue 15):

Bill Vandana Brian
$1,700 $1,400 $900

Scores at the end of the Jeopardy! Round:

Bill Vandana Brian
$3,800 $2,300 $1,900

Double Jeopardy! Round responses

20th CENTURY AMERICA
ANIMALS
LANGUAGES
THE OLYMPICS
NOTABLE NAMES
POETS & POETRY
    $200 30
(Louis) Farrakhan

Brian
    $200 2
koala bear

Brian
    $200 9
(Bill: What is Kenya?)
(Vandana: What is South Africa?)

Rwanda

BillVandana
Triple Stumper
    $200 6
diving

Vandana
    $200 7
Braille

Bill
    $200 8
The Raven

Vandana
    $400 29
Ford Motor Company

Bill
    $400 18
llamas

Vandana
    $400 22
Manx

Bill
    $400 5
(Bill: What is synchronized swimming?)

water polo

BillBrian
    $400 14
Sandra Day O'Connor

Bill
    $400 10
"Let me count the ways"

Bill
    $600 28
MacArthur

Bill
    $600 19
(Bill: What is baboon?)

the chimpanzee

Bill
Triple Stumper
    $600 23
Italian

Bill
    $600 3
Torvill and Dean

Vandana
    $600 15
Buckminster Fuller

Vandana
    $600 11
"breathe free"

Bill
    $800 27
the Sears Tower

Bill
    $800 20
gazelles

Vandana
    $800 24
Arabic

Brian
    $800 1
Mark Spitz

Vandana
    $1,000 16
(Samuel) Johnson

Vandana
    $800 12
T.S. Eliot

Brian
    $200 26
(Bill: What is Chicago?)

San Francisco

Bill
    $1000 21
a humpback whale

Triple Stumper
    $1000 25
Hungary

Bill
    $1000 4
the long jump

Brian
    $1000 17
Jobs & Wozniak

Triple Stumper
    $1000 13
(John) Milton

Bill

Scores at the end of the Double Jeopardy! Round:

Bill Vandana Brian
$8,800 $6,700 $5,300

[wagering suggestions for these scores]

Final Jeopardy! Round responses

BRITISH MONARCHS
(Alex: Yes, the niece of William IV.)
BrianWho is Victoria?
$5,200
VandanaWho Queen Victoria? Hi Michal!
$6,700
BillWho is Queen Elizabeth II?
$4,601
Victoria

Final scores:

Bill Vandana Brian
$4,199 $13,400 $10,500
3rd place: $5,000 Finalist 2nd place: $5,000

Game dynamics:

Coryat scores:

Bill Vandana Brian
$9,000 $6,500 $5,300
27 R,
5 W
(including 1 DD)
13 R
(including 2 DDs),
1 W
15 R,
1 W

Combined Coryat: $20,800

The J! Archive is created by fans, for fans. The Jeopardy! game show and all elements thereof, including but not limited to copyright and trademark thereto, are the property of Jeopardy Productions, Inc. and are protected under law. This website is not affiliated with, sponsored by, or operated by Jeopardy Productions, Inc. Join the discussion at JBoard.tv.